Využitie SQL pri cielení predajnej kampane bakalárska práca

Enregistré dans:
Détails bibliographiques
Auteur principal: Poruban, Peter
Collectivité auteur: Fakulta podnikového manažmentu EU. Katedra informačného manažmentu
Autres auteurs: Bolek, Vladimír, 1988-
Format: Livre
Langue:slovaque
Publié: Bratislava 2018
Tags: Ajouter un tag
Pas de tags, Soyez le premier à ajouter un tag!

MARC

LEADER 00000nbm a2200000 4500
001 0244613
005 20180921143938.5
041 0 |a slo 
044 |a SK 
245 1 0 |a Využitie SQL pri cielení predajnej kampane  |b bakalárska práca  |c Peter Poruban ; školiteľ: Vladimír Bolek 
264 1 |a Bratislava  |c 2018 
300 |a 44 s. 
100 1 |a Poruban, Peter 
700 1 |a Bolek, Vladimír, 1988- 
710 2 |a Fakulta podnikového manažmentu EU. Katedra informačného manažmentu